| Поле | Название | Значение |
| |
Тип записи |
a |
| |
Библиографический уровень |
m |
| 001 |
Контрольный номер |
RU/СЮИ МВД России/KNIGI/67.91я73/Ш70-383611 |
| 005 |
Дата корректировки |
20140508173839.9 |
| 010 |
Индекс ISBN |
__ |
| a |
ISBN |
5-7205-0740-Х |
| d |
Цена |
р.60.00 |
| 100 |
Данные общей обработки |
__ |
| a |
Данные общей обработки |
20111012d2006 |||y0rusy0189 |
| 101 |
Язык документа |
0_ |
| a |
Язык текста |
rus |
| 102 |
Страна публикации |
__ |
| a |
Страна публикации |
RU |
| 105 |
Кодированные данные (монография) |
__ |
| a |
Кодированные данные (монография) |
y j 000yy |
| 200 |
Заглавие и сведения об ответственности |
1_ |
| a |
Заглавие |
Международное право |
| e |
Сведения, относящиеся к заглавию |
курс лекций |
| f |
Первые сведения об ответственности |
Д. А. Шлянцев |
| 210 |
Выходные данные |
__ |
| a |
Место издания |
М. |
| c |
Издательство |
Юстицинформ |
| d |
Дата издания |
2006 |
| 215 |
Физическое описание |
__ |
| a |
Объем |
254 с. |
| 225 |
Серия |
2_ |
| a |
Серия |
Образование |
| 320 |
Библиография |
__ |
| a |
Библиография |
Библиогр.: с. 250-252 |
| 327 |
Примечание о содержании |
1_ |
| a |
Примечание о содержании |
Содержание : Введение в международное право. Понятие и сущность современного международного права ; История развития международного права ; Соотношение международного и международного частного права ; Международное право, внешняя политика и дипломатия: соотношение этих понятий ; Субъекты международного права ; Статус индивида в международном праве ; Источники международного права ; Международный договор как источник международного права ; Обычай как источник международного права ; Принципы международного права ; Международно - правовое признание государств и правительств ; Международное правопреемство ; Правопреемство в связи с прекращением существования СССР ; Право международных договоров ; Международно - правовая ответственность ; Международное уголовное право ; Право международных организаций ; ООН: устав, цели, принципы, членство ; Система органов ООН. Специализированные учреждения ООН ; Региональные международные организации: Содружество Независимых Государств, Совет Европы, Европейский Союз, Организация по безопасности и сотрудничеству в Европе ; Право внешних сношений ; Дипломатическое право. Начало дипломатического представительства ; Консульское право ; Постоянные представительства государств при международных организациях. Специальные миссии ; Международное право вооруженных конфликтов |
| 464 |
Аналитический уровень |
_0 |
| 1 |
|
2001 |
| a |
|
Введение в международное право. Понятие и сущность современного международного права |
| 464 |
Аналитический уровень |
_0 |
| 1 |
|
2001 |
| a |
|
История развития международного права |
| 464 |
Аналитический уровень |
_0 |
| 1 |
|
2001 |
| a |
|
Соотношение международного и международного частного права |
| 464 |
Аналитический уровень |
_0 |
| 1 |
|
2001 |
| a |
|
Международное право, внешняя политика и дипломатия: соотношение этих понятий |
| 464 |
Аналитический уровень |
_0 |
| 1 |
|
2001 |
| a |
|
Субъекты международного права |
| 464 |
Аналитический уровень |
_0 |
| 1 |
|
2001 |
| a |
|
Статус индивида в международном праве |
| 464 |
Аналитический уровень |
_0 |
| 1 |
|
2001 |
| a |
|
Источники международного права |
| 464 |
Аналитический уровень |
_0 |
| 1 |
|
2001 |
| a |
|
Международный договор как источник международного права |
| 464 |
Аналитический уровень |
_0 |
| 1 |
|
2001 |
| a |
|
Обычай как источник международного права |
| 464 |
Аналитический уровень |
_0 |
| 1 |
|
2001 |
| a |
|
Принципы международного права |
| 464 |
Аналитический уровень |
_0 |
| 1 |
|
2001 |
| a |
|
Международно - правовое признание государств и правительств |
| 464 |
Аналитический уровень |
_0 |
| 1 |
|
2001 |
| a |
|
Международное правопреемство |
| 464 |
Аналитический уровень |
_0 |
| 1 |
|
2001 |
| a |
|
Правопреемство в связи с прекращением существования СССР |
| 464 |
Аналитический уровень |
_0 |
| 1 |
|
2001 |
| a |
|
Право международных договоров |
| 464 |
Аналитический уровень |
_0 |
| 1 |
|
2001 |
| a |
|
Международно - правовая ответственность |
| 464 |
Аналитический уровень |
_0 |
| 1 |
|
2001 |
| a |
|
Международное уголовное право |
| 464 |
Аналитический уровень |
_0 |
| 1 |
|
2001 |
| a |
|
Право международных организаций |
| 464 |
Аналитический уровень |
_0 |
| 1 |
|
2001 |
| a |
|
ООН: устав, цели, принципы, членство |
| 464 |
Аналитический уровень |
_0 |
| 1 |
|
2001 |
| a |
|
Система органов ООН. Специализированные учреждения ООН |
| 464 |
Аналитический уровень |
_0 |
| 1 |
|
2001 |
| a |
|
Региональные международные организации: Содружество Независимых Государств, Совет Европы, Европейский Союз, Организация по безопасности и сотрудничеству в Европе |
| 464 |
Аналитический уровень |
_0 |
| 1 |
|
2001 |
| a |
|
Право внешних сношений |
| 464 |
Аналитический уровень |
_0 |
| 1 |
|
2001 |
| a |
|
Дипломатическое право. Начало дипломатического представительства |
| 464 |
Аналитический уровень |
_0 |
| 1 |
|
2001 |
| a |
|
Консульское право |
| 464 |
Аналитический уровень |
_0 |
| 1 |
|
2001 |
| a |
|
Постоянные представительства государств при международных организациях. Специальные миссии |
| 464 |
Аналитический уровень |
_0 |
| 1 |
|
2001 |
| a |
|
Международное право вооруженных конфликтов |
| 606 |
Тематические рубрики |
__ |
| a |
Основная рубрика |
Международное право |
| 610 |
Ключевые слова |
1_ |
| a |
Ключевые слова |
Всемирная организация интеллектуальной собственности |
| 610 |
Ключевые слова |
1_ |
| a |
Ключевые слова |
Международный банк реконструкции и развития |
| 610 |
Ключевые слова |
1_ |
| a |
Ключевые слова |
Международный валютный фонд |
| 610 |
Ключевые слова |
1_ |
| a |
Ключевые слова |
Международная ассоциация развития |
| 610 |
Ключевые слова |
1_ |
| a |
Ключевые слова |
Международная финансовая корпорация |
| 610 |
Ключевые слова |
1_ |
| a |
Ключевые слова |
Международная организация гражданской авиации |
| 610 |
Ключевые слова |
1_ |
| a |
Ключевые слова |
Всемирный почтовый союз |
| 610 |
Ключевые слова |
1_ |
| a |
Ключевые слова |
Международное агентство по атомной энергии |
| 620 |
Место и дата публикации, исполнения и т.д. |
__ |
| d |
Город |
Москва |
| 686 |
Индексы других классификаций |
__ |
| a |
Классификационный индекс |
67.91я73 |
| 2 |
Код системы |
rubbk |
| 686 |
Индексы других классификаций |
__ |
| a |
Классификационный индекс |
10.87 |
| 2 |
Код системы |
rugasnti |
| 700 |
Автор |
_1 |
| a |
Фамилия |
Шлянцев |
| b |
Имя |
Д. А. |
| 4 |
Код отношения |
070 |
| 801 |
Источник записи |
_0 |
| b |
Организация |
СЮИ МВД России |
| a |
Страна |
RU |
| c |
Дата составления |
20111012 |
| 801 |
Источник записи |
_1 |
| a |
Страна |
RU |
| b |
Организация |
ПКИ |
| c |
Дата составления |
20111012 |
| 852 |
Данные о местонахождении |
__ |
| a |
Наименование организации |
СЮИ МВД России |
| b |
Сигла хранения |
УчФ_Поволжский филиал |
| i |
Авторский знак |
Ш70 |
| p |
Инвентарный номер |
д134 |
| j |
Шифр хранения |
67.91я73 |
| j |
Шифр хранения |
67.91я73 |
| j |
Шифр хранения |
67.91я73 |
| 852 |
Данные о местонахождении |
__ |
| a |
Наименование организации |
СЮИ МВД России |
| b |
Сигла хранения |
УчФ_Поволжский филиал |
| i |
Авторский знак |
Ш70 |
| p |
Инвентарный номер |
д135 |
| 852 |
Данные о местонахождении |
__ |
| a |
Наименование организации |
СЮИ МВД России |
| b |
Сигла хранения |
УчФ_Поволжский филиал |
| i |
Авторский знак |
Ш70 |
| p |
Инвентарный номер |
д136 |
| 901 |
Тип документа |
__ |
| t |
Тип документа |
m |
| 938 |
Служебная информация |
__ |
| a |
Название организации |
Поволжский филиал |
| b |
Имя БД |
Книги_Ирбис |
| c |
Название АИБС |
АБИС ИРБИС |